Dust explosions in the process industries / (Record no. 330296)

000 -LEADER
fixed length control field 01261cam a22003014a 4500
001 - CONTROL NUMBER
control field 13054433
003 - CONTROL NUMBER IDENTIFIER
control field NUST
005 - DATE AND TIME OF LATEST TRANSACTION
control field 20170616122138.0
008 - FIXED-LENGTH DATA ELEMENTS--GENERAL INFORMATION
fixed length control field 030110s2003 ne a b 001 0 eng
010 ## - LIBRARY OF CONGRESS CONTROL NUMBER
LC control number 2003040799
020 ## - INTERNATIONAL STANDARD BOOK NUMBER
International Standard Book Number 0750676027 (HC : aLk. paper)
040 ## - CATALOGING SOURCE
Original cataloging agency DLC
Transcribing agency DLC
Modifying agency DLC
042 ## - AUTHENTICATION CODE
Authentication code pcc
050 00 - LIBRARY OF CONGRESS CALL NUMBER
Classification number TH9446.D86
Item number E34 2003
082 00 - DEWEY DECIMAL CLASSIFICATION NUMBER
Classification number 604.7 ECK
Edition number 21
100 1# - MAIN ENTRY--PERSONAL NAME
Personal name Eckhoff, Rolf K.
9 (RLIN) 2836
245 10 - TITLE STATEMENT
Title Dust explosions in the process industries /
Statement of responsibility, etc. Rolf K. Eckhoff.
250 ## - EDITION STATEMENT
Edition statement 3rd ed.
260 ## - PUBLICATION, DISTRIBUTION, ETC.
Place of publication, distribution, etc. Amsterdam ;
-- Boston :
Name of publisher, distributor, etc. Gulf Professional Pub.,
Date of publication, distribution, etc. c2003.
300 ## - PHYSICAL DESCRIPTION
Extent xxi, 719 p. :
Other physical details ill. (some col.) ;
Dimensions 24 cm.
500 ## - GENERAL NOTE
General note H.B
504 ## - BIBLIOGRAPHY, ETC. NOTE
Bibliography, etc. note Includes bibliographical references and index.
650 #0 - SUBJECT ADDED ENTRY--TOPICAL TERM
Topical term or geographic name entry element Dust explosions.
9 (RLIN) 2837
650 #0 - SUBJECT ADDED ENTRY--TOPICAL TERM
Topical term or geographic name entry element Fire prevention.
9 (RLIN) 2838
650 #0 - SUBJECT ADDED ENTRY--TOPICAL TERM
Topical term or geographic name entry element Industrial accidents.
9 (RLIN) 2839
856 42 - ELECTRONIC LOCATION AND ACCESS
Materials specified Publisher description
Uniform Resource Identifier <a href="http://www.loc.gov/catdir/description/els031/2003040799.html">http://www.loc.gov/catdir/description/els031/2003040799.html</a>
856 41 - ELECTRONIC LOCATION AND ACCESS
Materials specified Table of contents
Uniform Resource Identifier <a href="http://www.loc.gov/catdir/toc/els031/2003040799.html">http://www.loc.gov/catdir/toc/els031/2003040799.html</a>
906 ## - LOCAL DATA ELEMENT F, LDF (RLIN)
a 7
b cbc
c orignew
d 1
e ocip
f 20
g y-gencatlg
942 ## - ADDED ENTRY ELEMENTS (KOHA)
Source of classification or shelving scheme
Koha item type Book
Call number prefix IESE
Holdings
Withdrawn status Lost status Source of classification or shelving scheme Damaged status Not for loan Collection code Permanent Location Current Location Shelving location Date acquired Total Checkouts Full call number Barcode Date last seen Price effective from Koha item type
            Institute of Environmental Science and Engineering (IESE) Institute of Environmental Science and Engineering (IESE) General Stacks 06/16/2017   604.7 ECK IESE-1195 06/16/2017 06/16/2017 Book
© 2023 Central Library, National University of Sciences and Technology. All Rights Reserved.